| 000 | 01441nam a2200385 a 4500 | ||
|---|---|---|---|
| 001 | vtls002057289 | ||
| 003 | NLI | ||
| 005 | 20210701090831.0 | ||
| 008 | 191127s2017 gw g |01 0 eng d | ||
| 020 |
_a9783110548594 _c€ 99.95 |
||
| 039 | 9 |
_a202010311311 _batanum _c202010261351 _dsomnathp _y201911271745 _zkrishanuc |
|
| 040 |
_aNLI _beng |
||
| 041 | 0 | _aeng | |
| 044 | _agw | ||
| 082 | 0 | 4 |
_a428.2 _222 |
| 100 | 1 |
_aMattiello, Elisa _91382976 |
|
| 245 | 1 | 0 |
_aAnalogy in word-formation : _ba study of english neologisms and occasionalisms / _cElisa Mattiello ; edited by Volker Gast |
| 260 |
_aBerlin : _bWalter de Gruyter, _c2017 |
||
| 300 |
_ax, 247 p. : _c24 cm. |
||
| 440 | 0 |
_aTrends in linguistics, Studies and monographs; _v309 _91249468 |
|
| 504 | _aIncludes bibliographical references and index | ||
| 650 | 0 |
_aEnglish language _xMorphology _91111298 |
|
| 650 | 0 |
_aGrammar, Comparative and general _xWord formation _9945209 |
|
| 700 | 1 |
_aGast, Volker, _4edt _91382977 |
|
| 887 | _aSomnath Panja Atanu Mitra 19 | ||
| 901 |
_a578036 : _b13.02.2020 |
||
| 902 | _aE 428.2 M 435 | ||
| 903 | _akrishanu | ||
| 904 | _aSomnath Panja | ||
| 905 | _aAtanu Mitra 19 | ||
| 949 |
_AVIRTUAITEM _D10000 _X100 _6PUR000578036ENG _e578036 dt.13.02.2020 |
||
| 942 |
_2ddc _cBKS |
||
| 999 |
_aVIRTUA40 _c1492829 _d1492829 |
||
| 999 | _aVTLSSORT0080*0200*0400*0410*0440*0820*1000*2450*2600*3000*4400*5040*6500*6501*7000*8520*9010*9020*9030*9040*9050*9992 | ||